LIBRARY & INFORMATION CENTRE, KCAET, TAVANUR

ONLINE PUBLIC ACCESS CATALOGUE (OPAC)

Essential Career Skills for Engineers / (Record no. 12390)

MARC details
000 -LEADER
fixed length control field 00427cam a2200157ua 4500
041 ## - LANGUAGE CODE
Language code of text/sound track or separate title eng
082 ## - DEWEY DECIMAL CLASSIFICATION NUMBER
Classification number 620.025
Item number SAE/ES
100 ## - MAIN ENTRY--AUTHOR NAME
Personal name Shab saeed, p.E .
245 ## - TITLE STATEMENT
Title Essential Career Skills for Engineers /
260 ## - PUBLICATION, DISTRIBUTION, ETC. (IMPRINT)
Place of publication Chennai :
Name of publisher Narosa Publishing House ,
Year of publication 2004.
300 ## - PHYSICAL DESCRIPTION
Number of Pages 108 ; .
700 1# - ADDED ENTRY--PERSONAL NAME
Personal name Keith Johnson, P.E .
942 ## - ADDED ENTRY ELEMENTS (KOHA)
Koha item type Books
Holdings
Withdrawn status Lost status Damaged status Home library Current library Shelving location Date acquired Full call number Accession Number Koha item type
      KAUAET KAUAET Scheme 07/04/2012 620.025 20877 Books
free website counter